MCU Quiz 1 - Statistiken

Allgemein
  • Dieses Quiz wurde 272 mal gespielt
  • Das Durchschnittsergebnis liegt bei 9 aus 15
Antwortstatistiken
Fragen Antworten % Korrekt
Welche Farbe hat der Zeitstein? Grün
83%
Welche Farbe hat der Realitätsstein? Rot
82%
Welche Farbe hat der Gedankenstein? Gelb
80%
welche Farbe hat der Raumstein? Blau
78%
Welche farbe hat der Machtstein? Lila
77%
An welchen MCU-Avenger hält Disney nicht selbst die Filmrechte? Spider-Man
77%
Welche Superheldin hat zuerst ihren eigenen Film bekommen? Captain Marvel
75%
Welcher Film ist der längste im MCU? Avengers Endgame
69%
Von welchem Stein hat Captain Marvel ihre Kräfte? Raumstein
60%
Von welchen Stein hat Scarlet Witch ihre Kräfte? Gedankenstein
56%
Wie viele Filme kamen zwichen Iron 1 und Iron Man 2 in die Kinos? Einer
51%
In der Post.Credit-Szene spielt Schawarma eine zentrale Rolle? The Avengers
46%
Welche rolle wurde zwichenzeitig im MCU neu besetzt? War Machine
29%
Welche Figur die in Avengers stirbt wird wiederbelebt? Agent Coulson
9%
Welche Farbe hat der Seelenstein? Orangen
6%
Keine übereinstimmenden Quizze gefunden
Verteilung der Resultate
Anzahl Personen mit jedem Resultat
Perzentil nach korrekt beantworteten Fragen
Ihre Resultats-Entwicklung
Sie haben dieses Quiz noch nicht gespielt